[Event "Hastings Chess Congress"]
[Site "Hastings ENG"]
[Date "2009.01.04"]
[EventDate "2008.12.28"]
[Round "8"]
[Result "1-0"]
[White "Stephen Gordon"]
[Black "Didier Leroy"]
[WhiteElo "2521"]
[BlackElo "2286"]
[PlyCount "60"]

1. d4 d5 2. c4 e6 3. Nf3 a6 4. cxd5 exd5 5. Nc3 c6 6. Qc2 Bd6
7. e4 dxe4 8. Nxe4 Nf6 9. Nxd6+ Qxd6 10. Bd3 O-O 11. O-O Bg4
12. Ne5 Qxd4 13. Nxg4 Qxg4 14. Rd1 Nbd7 15. Bf5 Qb4 16. Bd2
Qb6 17. Bc3 Qc7 18. Rd3 Ne5 19. Rh3 Ng6 20. Bxf6 gxf6 21. Qe2
Kg7 22. Qh5 Rh8 23. Qh6+ Kg8 24. Rg3 Qe7 25. h4 Qf8 26. Qf4
Qg7 27. Qc4 Qh6 28. Rd1 Qh5 29. Rd7 Rf8 30. Be6 Ra8 1-0

[Event "Hastings Chess Congress"]
[Site "Hastings ENG"]
[Date "2009.01.04"]
[EventDate "2008.12.28"]
[Round "8"]
[Result "1-0"]
[White "Andrew Greet"]
[Black "Michael J R White"]
[WhiteElo "2440"]
[BlackElo "2242"]
[PlyCount "47"]

1. e4 e5 2. Nf3 Nc6 3. Bb5 a6 4. Ba4 Nf6 5. O-O Bc5 6. c3 Bb6
7. d4 Nxe4 8. Re1 f5 9. Nbd2 O-O 10. Nxe4 fxe4 11. Bg5 Qe8
12. Rxe4 d6 13. d5 Qg6 14. dxc6 Qxe4 15. Bb3+ Kh8 16. Bd5 Qg4
17. cxb7 Bxb7 18. Bxb7 Rab8 19. Qd5 Rxb7 20. Qxb7 e4 21. h3
Qf5 22. Be7 Re8 23. Nd4 Qh5 24. Qxe4 1-0

[Event "Hastings Chess Congress"]
[Site "Hastings ENG"]
[Date "2009.01.04"]
[EventDate "2008.12.28"]
[Round "8"]
[Result "1/2-1/2"]
[White "Mikael Rolvag"]
[Black "Simon J B Knott"]
[WhiteElo "2199"]
[BlackElo "2348"]
[PlyCount "71"]

1. d4 Nf6 2. c4 g6 3. Nc3 d5 4. Nf3 Bg7 5. Bg5 dxc4 6. Qa4+
Nfd7 7. Rd1 O-O 8. Qxc4 Nb6 9. Qc5 f6 10. Bf4 Na6 11. Qb5 Qe8
12. Qxe8 Rxe8 13. e3 e5 14. dxe5 fxe5 15. Bg3 e4 16. Nd4 Bg4
17. Rc1 Bxd4 18. exd4 Nb4 19. Bxc7 Nd3+ 20. Bxd3 exd3+ 21. Kd2
Nc4+ 22. Kxd3 Nxb2+ 23. Kc2 Nc4 24. Kb3 Nd2+ 25. Kb2 Ne4
26. Nxe4 Rxe4 27. Be5 Re2+ 28. Rc2 Rxc2+ 29. Kxc2 Be6 30. a3
Bd5 31. f3 Kf7 32. Re1 Rc8+ 33. Kb2 Rc6 34. Re3 Rb6+ 35. Kc2
Rc6+ 36. Rc3 1/2-1/2

[Event "Hastings Chess Congress"]
[Site "Hastings ENG"]
[Date "2009.01.04"]
[EventDate "2008.12.28"]
[Round "8"]
[Result "1/2-1/2"]
[White "Daniel Gormally"]
[Black "Felix J Kwiatkowski"]
[WhiteElo "2514"]
[BlackElo "2219"]
[PlyCount "111"]

1. e4 c5 2. Nf3 Nc6 3. Bb5 g6 4. Bxc6 dxc6 5. d3 Bg7 6. h3 Nf6
7. Nc3 e5 8. Be3 Qe7 9. Qd2 Nd7 10. Nh2 Nf8 11. Ne2 Ne6
12. Bh6 f6 13. O-O Bxh6 14. Qxh6 Bd7 15. f4 exf4 16. Nxf4
O-O-O 17. Ne2 Rhf8 18. Qe3 Kb8 19. c3 Rde8 20. a3 Nc7 21. Ng3
f5 22. Rae1 f4 23. Rxf4 Nd5 24. Rxf8 Nxe3 25. Rxe8+ Bxe8
26. Rxe3 Qe6 27. Re2 Qd6 28. Re3 Qe6 29. Nf3 Qb3 30. Re2 Qd1+
31. Kf2 Kc7 32. e5 Qxd3 33. Ne4 Qc4 34. Nfd2 Qf7+ 35. Nf6 h6
36. Nde4 Qe7 37. Nd6 Bf7 38. g4 b6 39. Kg3 Qe6 40. c4 b5
41. b3 a6 42. h4 Qe7 43. a4 Be6 44. g5 h5 45. axb5 axb5
46. Ra2 Kb8 47. Kf4 Bd7 48. Ra6 Qe6 49. Rb6+ Ka8 50. Ra6+ Kb8
51. Rb6+ Ka8 52. Rb7 Qh3 53. Nxd7 Qxh4+ 54. Kf3 Qg4+ 55. Kf2
Qd4+ 56. Ke2 1/2-1/2

[Event "Hastings Chess Congress"]
[Site "Hastings ENG"]
[Date "2009.01.04"]
[EventDate "2008.12.28"]
[Round "8"]
[Result "1-0"]
[White "Stewart Haslinger"]
[Black "David Spence"]
[WhiteElo "2506"]
[BlackElo "2214"]
[PlyCount "97"]

1. e4 e6 2. d4 d5 3. Nd2 Nf6 4. e5 Nfd7 5. c3 c5 6. Bd3 Nc6
7. Ne2 cxd4 8. cxd4 f6 9. exf6 Nxf6 10. O-O Bd6 11. Nf3 O-O
12. Bf4 Bxf4 13. Nxf4 Ne4 14. Qc1 Ng5 15. Nxg5 Qxg5 16. Ne2
Qxc1 17. Raxc1 a6 18. Rfe1 Bd7 19. a3 Rac8 20. f3 h6 21. Rc3
Na7 22. Kf2 Rxc3 23. Nxc3 Kf7 24. Ke3 Ke7 25. h4 Kd6 26. f4
Nc6 27. Rf1 h5 28. Rf3 Be8 29. Rg3 g6 30. Nb1 Ne7 31. Nd2 Nf5+
32. Bxf5 exf5 33. Nf3 Rf6 34. Ne5 Kc7 35. Kd2 b6 36. Rc3+ Bc6
37. a4 a5 38. Kc2 Kb7 39. Kb3 Be8 40. Ka3 Re6 41. b4 axb4+
42. Kxb4 Re7 43. a5 Rc7 44. axb6 Rxc3 45. Kxc3 Kxb6 46. Kb4
Bb5 47. Nxg6 Bd7 48. Ne7 Be6 49. g3 1-0

[Event "Hastings Chess Congress"]
[Site "Hastings ENG"]
[Date "2009.01.04"]
[EventDate "2008.12.28"]
[Round "8"]
[Result "0-1"]
[White "Odion Aikhoje"]
[Black "Richard A Bates"]
[WhiteElo "2260"]
[BlackElo "2387"]
[PlyCount "74"]

1. Nf3 Nf6 2. d4 g6 3. Bf4 Bg7 4. e3 d6 5. h3 O-O 6. Nbd2 c5
7. c3 Be6 8. e4 cxd4 9. cxd4 Qb6 10. Be2 Qxb2 11. Rb1 Qxa2
12. Rxb7 Qa5 13. O-O Bc8 14. Rb3 Ba6 15. Bxa6 Qxa6 16. Qa1
Qxa1 17. Rxa1 Nc6 18. Be3 a5 19. Ra4 d5 20. e5 Nd7 21. Rb7
Rfd8 22. Nb3 Ra6 23. Ne1 Nb6 24. Ra1 Nc4 25. Nd3 Raa8 26. Ndc5
Rdb8 27. Rc7 Rc8 28. Rd7 e6 29. Rb7 Rab8 30. Rxb8 Rxb8 31. Kf1
Bf8 32. Ke2 Rb4 33. Kd3 a4 34. Nd2 Nxd2 35. Kxd2 Nxd4 36. Bxd4
Rxd4+ 37. Nd3 a3 0-1

[Event "Hastings Chess Congress"]
[Site "Hastings ENG"]
[Date "2009.01.04"]
[EventDate "2008.12.28"]
[Round "8"]
[Result "1/2-1/2"]
[White "Thomas E Rendle"]
[Black "Julian Antonio Rojas Alarcon"]
[WhiteElo "2385"]
[BlackElo "2187"]
[PlyCount "91"]

1. e4 e5 2. Nf3 Nf6 3. Nxe5 d6 4. Nf3 Nxe4 5. Nc3 Nxc3 6. dxc3
Be7 7. Bf4 Nc6 8. Qd2 Be6 9. O-O-O a6 10. Bd3 h6 11. Rhe1 Qd7
12. Be4 Bf6 13. g4 O-O-O 14. h3 Kb8 15. Bd5 Rde8 16. c4 Bxd5
17. cxd5 Ne5 18. Bxe5 Bxe5 19. Nxe5 Rxe5 20. Rxe5 dxe5 21. Qe3
Re8 22. Qe4 Qe7 23. Rd3 h5 24. a3 hxg4 25. hxg4 Qg5+ 26. Kb1
Qf4 27. Qxf4 exf4 28. Kc1 Re2 29. Rf3 g5 30. Kd1 Re4 31. Kd2
Kc8 32. Kd3 Re1 33. Rh3 Rg1 34. Rh7 Rxg4 35. Rxf7 Rg1 36. c4
b6 37. b4 Rd1+ 38. Ke4 Rc1 39. Kd4 Rd1+ 40. Ke5 Rc1 41. Rg7
Rxc4 42. Rxg5 Rc2 43. Rg8+ Kd7 44. Rg7+ Kc8 45. Rg8+ Kd7
46. Rg7+ 1/2-1/2

[Event "Hastings Chess Congress"]
[Site "Hastings ENG"]
[Date "2009.01.04"]
[EventDate "2008.12.28"]
[Round "8"]
[Result "0-1"]
[White "Oliver Jackson"]
[Black "Uriel Capo Vidal"]
[WhiteElo "2182"]
[BlackElo "2340"]
[PlyCount "72"]

1. e4 c5 2. Nc3 a6 3. f4 b5 4. Nf3 Bb7 5. d3 e6 6. g3 Nc6
7. Bg2 Be7 8. O-O h5 9. h3 b4 10. Ne2 Nf6 11. Be3 d5 12. e5
Nd7 13. c3 O-O 14. Qd2 a5 15. Rae1 a4 16. cxb4 Nxb4 17. f5 d4
18. Bf2 Bxf3 19. Bxf3 Nxe5 20. Bxh5 Nbxd3 21. Nf4 Bg5 22. h4
Bh6 23. Qe2 Nxf4 24. gxf4 Bxf4 25. Qe4 g5 26. fxg6 fxg6
27. Bxg6 Ra7 28. Kh1 Qd5 29. Rg1 Nf3 30. Bf5+ Kh8 31. Bxe6
Qxe4 32. Rxe4 Nxg1 33. Kxg1 Rg7+ 34. Kh1 Re7 35. Bd5 Rxe4
36. Bxe4 Rb8 0-1

[Event "Hastings Chess Congress"]
[Site "Hastings ENG"]
[Date "2009.01.04"]
[EventDate "2008.12.28"]
[Round "8"]
[Result "1-0"]
[White "Robert Eames"]
[Black "Christine Flear"]
[WhiteElo "2329"]
[BlackElo "2092"]
[PlyCount "65"]

1. d4 Nf6 2. c4 e6 3. Nc3 Bb4 4. Qc2 d5 5. cxd5 exd5 6. Bg5 h6
7. Bh4 c5 8. dxc5 g5 9. Bg3 Ne4 10. e3 Qa5 11. Nge2 Bf5
12. Be5 O-O 13. Nd4 Nxc3 14. Nxf5 Ne4+ 15. Kd1 Nc6 16. Bd4
Nxd4 17. exd4 Be1 18. Kc1 Rfe8 19. Bd3 Bd2+ 20. Kb1 Nxf2
21. Rf1 Re6 22. a3 Nxd3 23. Qxd3 Rae8 24. Ka2 Bf4 25. g3 Qd2
26. Qb3 Be3 27. Qxd5 Bf2 28. Rad1 Qc2 29. h4 g4 30. Rc1 Qd3
31. Rxf2 Kh8 32. Nd6 Qxg3 33. Rxf7 1-0

[Event "Hastings Chess Congress"]
[Site "Hastings ENG"]
[Date "2009.01.04"]
[EventDate "2008.12.28"]
[Round "8"]
[Result "1/2-1/2"]
[White "Adam Hunt"]
[Black "Nikoloz Chkhaidze"]
[WhiteElo "2431"]
[BlackElo "2203"]
[PlyCount "113"]

1. e4 c6 2. d4 d5 3. exd5 cxd5 4. c4 Nf6 5. Nc3 e6 6. Nf3 Bb4
7. cxd5 Nxd5 8. Bd2 Nc6 9. Bd3 Be7 10. O-O O-O 11. Qe2 Nf6
12. Ne4 Qb6 13. a3 Rd8 14. Rfd1 Qxb2 15. Nxf6+ gxf6 16. Rdb1
Nxd4 17. Rxb2 Nxe2+ 18. Bxe2 b6 19. Bb4 Bf8 20. Bxf8 Kxf8
21. Rc2 Bb7 22. Rc7 Bd5 23. Rac1 a6 24. Nh4 b5 25. Bh5 e5
26. Nf5 Be6 27. Nh6 Rac8 28. Rxc8 Rxc8 29. Rxc8+ Bxc8 30. Bg4
Bxg4 31. Nxg4 Ke7 32. Ne3 Ke6 33. g4 Kd6 34. Kf1 Kc5 35. Ke2
Kd4 36. Kd2 Ke4 37. Ke2 Kd4 38. f3 Kc3 39. Nd5+ Kb3 40. Nc7
Kxa3 41. Nxa6 b4 42. Kd2 b3 43. Kc1 b2+ 44. Kb1 Kb3 45. Nc5+
Kc3 46. Ne4+ Kd3 47. Nxf6 Ke3 48. Kxb2 Kxf3 49. Kc2 Kf4 50. h3
e4 51. Nxh7 Kg3 52. Ng5 f6 53. Nxe4+ Kxh3 54. Nxf6 Kh4 55. Kd3
Kg5 56. Ke4 Kxf6 57. g5+ 1/2-1/2

[Event "Hastings Chess Congress"]
[Site "Hastings ENG"]
[Date "2009.01.04"]
[EventDate "2008.12.28"]
[Round "8"]
[Result "0-1"]
[White "Malek Mohammed Abdul"]
[Black "Milos Pavlovic"]
[WhiteElo "2264"]
[BlackElo "2524"]
[PlyCount "40"]

1. d4 Nf6 2. Nf3 g6 3. c4 Bg7 4. e3 O-O 5. Bd3 d6 6. O-O Re8
7. Bc2 Nbd7 8. Nc3 e5 9. dxe5 dxe5 10. e4 c6 11. h3 Qe7
12. Be3 Nf8 13. a3 Nh5 14. b4 Ne6 15. c5 Nhf4 16. Kh2 Rd8
17. Qe1 Qf6 18. Bd2 Nd4 19. Ng1 a5 20. Na4 axb4 0-1

[Event "Hastings Chess Congress"]
[Site "Hastings ENG"]
[Date "2009.01.04"]
[EventDate "2008.12.28"]
[Round "8"]
[Result "0-1"]
[White "Martin Mitchell"]
[Black "Alexander Cherniaev"]
[WhiteElo "2169"]
[BlackElo "2438"]
[PlyCount "68"]

1. d4 f5 2. g3 Nf6 3. Bg2 g6 4. Nh3 Bg7 5. Nf4 Nc6 6. d5 Ne5
7. Nc3 c6 8. O-O O-O 9. Be3 Nc4 10. Bc1 e5 11. dxe6 d5 12. b3
Nd6 13. Ncxd5 cxd5 14. Bxd5 Qe7 15. Bb2 g5 16. Bxf6 Bxf6
17. Nh5 Bxe6 18. Nxf6+ Qxf6 19. c4 Rad8 20. Bxe6+ Qxe6 21. Qd4
b6 22. Rad1 Nf7 23. Qb2 Rfe8 24. Rd2 Rxd2 25. Qxd2 Qxe2
26. Qd7 Qe4 27. f3 Qe3+ 28. Kg2 Rd8 29. Qxf5 Rd2+ 30. Kh1 Qe2
31. Qh3 Rxa2 32. g4 Rd2 33. f4 gxf4 34. g5 Rd3 0-1

[Event "Hastings Chess Congress"]
[Site "Hastings ENG"]
[Date "2009.01.04"]
[EventDate "2008.12.28"]
[Round "8"]
[Result "1-0"]
[White "John N Sugden"]
[Black "David J Eggleston"]
[WhiteElo "2173"]
[BlackElo "2368"]
[PlyCount "131"]

1. d4 Nf6 2. c4 e6 3. Nc3 Bb4 4. e3 b6 5. Bd3 Bb7 6. Nf3 O-O
7. Bd2 d5 8. O-O dxc4 9. Bxc4 Nbd7 10. Qe2 Qe7 11. a3 Bd6
12. e4 e5 13. d5 Nh5 14. g3 g6 15. Nb5 f5 16. Nxc7 fxe4
17. Ne1 Rac8 18. Ne6 Rfe8 19. Ng5 Ndf6 20. Nxe4 Nxe4 21. Qxe4
Nf6 22. Qe2 Nxd5 23. Ng2 Kh8 24. Rad1 Qc7 25. Bb5 Rf8 26. Bh6
Rg8 27. Rc1 Qf7 28. Rxc8 Rxc8 29. Rd1 Qe7 30. Ne3 Nc7 31. Bc4
Ne6 32. Bd5 Nd4 33. Qg4 Ba6 34. Bg5 Qg7 35. Qh4 Rf8 36. Bh6
Qf6 37. Bxf8 Qxh4 38. gxh4 Bxf8 39. Kg2 Ne2 40. Be4 Nf4+
41. Kg3 Ne2+ 42. Kf3 Nd4+ 43. Kg2 Kg7 44. Nc2 Ne2 45. Rd7+ Kh6
46. Rxa7 Nf4+ 47. Kg3 Be2 48. h3 Nh5+ 49. Kh2 Nf6 50. Rf7 Bg7
51. f3 Bc4 52. Rc7 Bb5 53. Bc6 Bd3 54. Ne3 e4 55. Kg2 exf3+
56. Kxf3 Bf8 57. Rf7 Bg7 58. Ng4+ Nxg4 59. hxg4 g5 60. Rd7 Bg6
61. h5 Bxh5 62. gxh5 Bxb2 63. Be4 Bg7 64. Kg4 b5 65. Rb7 b4
66. axb4 1-0

[Event "Hastings Chess Congress"]
[Site "Hastings ENG"]
[Date "2009.01.04"]
[EventDate "2008.12.28"]
[Round "8"]
[Result "1/2-1/2"]
[White "Petr Marusenko"]
[Black "Francis Rayner"]
[WhiteElo "2320"]
[BlackElo "2151"]
[PlyCount "93"]

1. d4 Nf6 2. Nf3 g6 3. c4 c5 4. e3 Bg7 5. Nc3 O-O 6. Be2 cxd4
7. exd4 d5 8. O-O Nc6 9. h3 Bf5 10. Ne5 dxc4 11. Nxc6 bxc6
12. Bxc4 Nd5 13. Bg5 Be6 14. Be2 Rb8 15. Qd2 Re8 16. Rfd1 c5
17. Nxd5 Qxd5 18. dxc5 Bxb2 19. Rab1 Qxc5 20. Be3 Qa3 21. Bxa7
Qxa7 22. Rxb2 Rxb2 23. Qxb2 Qxa2 24. Qxa2 Bxa2 25. Rd7 Kf8
26. h4 h5 27. Bf3 e6 28. g3 Kg7 29. Ra7 Bd5 30. Kg2 Kf6
31. Rd7 Re7 32. Rd8 Ke5 33. Rb8 Rc7 34. Re8 Kd6 35. Bxd5 exd5
36. Kf3 Re7 37. Ra8 d4 38. Ra5 Re5 39. Ra6+ Kd5 40. Ra5+ Ke6
41. Ra6+ Ke7 42. Ra7+ Kf6 43. Rd7 Rf5+ 44. Ke2 Ke5 45. f4+ Ke4
46. Re7+ Kd5 47. Kd3 1/2-1/2

[Event "Hastings Chess Congress"]
[Site "Hastings ENG"]
[Date "2009.01.04"]
[EventDate "2008.12.28"]
[Round "8"]
[Result "1-0"]
[White "Sahaj Grover"]
[Black "Martyn Goodger"]
[WhiteElo "2313"]
[BlackElo "2164"]
[PlyCount "87"]

1. e4 d5 2. exd5 Qxd5 3. Nc3 Qa5 4. Bc4 Nf6 5. d3 Bg4 6. f3
Bd7 7. Bd2 Qb6 8. Qe2 Nc6 9. Na4 Qd4 10. O-O-O e6 11. Be3 Qd6
12. Nc3 a6 13. d4 Na5 14. Bd3 O-O-O 15. Ne4 Nxe4 16. fxe4 Kb8
17. Nf3 f6 18. Kb1 Nc6 19. a3 Bc8 20. e5 Qd7 21. Bc4 Ne7
22. Bb3 Nd5 23. Bc1 b5 24. Bd2 f5 25. c4 Nb6 26. Ba5 Nxc4
27. Bxc4 bxc4 28. Qxc4 Bb7 29. Ng5 h6 30. Nxe6 Rc8 31. d5 g5
32. Rhe1 g4 33. Re3 c5 34. Rb3 Ka8 35. Nxf8 Rhxf8 36. e6 Qh7
37. Qf4 h5 38. d6 c4 39. Rc3 Be4+ 40. Ka1 Rc5 41. e7 Rb8
42. d7 Qxe7 43. d8=Q Qb7 44. Qdxb8+ 1-0

[Event "Hastings Chess Congress"]
[Site "Hastings ENG"]
[Date "2009.01.04"]
[EventDate "2008.12.28"]
[Round "8"]
[Result "1-0"]
[White "Chino C Atako"]
[Black "Konstantinos Nikolaidis"]
[WhiteElo "2100"]
[BlackElo "2264"]
[PlyCount "51"]

1. e4 c6 2. Nf3 d5 3. Nc3 Bg4 4. h3 Bxf3 5. Qxf3 Nf6 6. d3 e6
7. Bd2 Nbd7 8. g4 b5 9. g5 b4 10. Na4 Ng8 11. d4 Qa5 12. b3
Nb6 13. Nb2 Nc8 14. Bd3 Qb6 15. O-O-O g6 16. exd5 cxd5 17. Na4
Qc6 18. Qe2 Rb8 19. Qe5 Bd6 20. Qxh8 Kf8 21. h4 Nb6 22. Nb2 a5
23. h5 a4 24. hxg6 hxg6 25. Rh7 axb3 26. Qg7+ 1-0

[Event "Hastings Chess Congress"]
[Site "Hastings ENG"]
[Date "2009.01.04"]
[EventDate "2008.12.28"]
[Round "8"]
[Result "1-0"]
[White "Gavin R Lock"]
[Black "R Alan Barton"]
[WhiteElo "2252"]
[BlackElo "2131"]
[PlyCount "67"]

1. d4 d5 2. Nf3 Bg4 3. Ne5 Bf5 4. c4 f6 5. Nf3 e6 6. Nc3 c6
7. e3 Bd6 8. Nh4 Ne7 9. Nxf5 Nxf5 10. Bd3 g6 11. h4 Ng7 12. g4
Kd7 13. Bd2 Na6 14. a3 Nc7 15. e4 dxc4 16. Bxc4 f5 17. Qe2 Be7
18. O-O-O fxe4 19. Nxe4 Bxh4 20. g5 Nf5 21. Nc5+ Kc8 22. Bxe6+
Nxe6 23. Qxe6+ Kc7 24. Bf4+ Nd6 25. Bxd6+ Qxd6 26. Qf7+ Kc8
27. Qxb7+ Kd8 28. Qxa8+ Ke7 29. Qxh8 Qf4+ 30. Kb1 Qf5+ 31. Rd3
h5 32. Qg7+ Kd8 33. Nb7+ Kc8 34. Nd6+ 1-0

[Event "Hastings Chess Congress"]
[Site "Hastings ENG"]
[Date "2009.01.04"]
[EventDate "2008.12.28"]
[Round "8"]
[Result "0-1"]
[White "Norman Hutchinson"]
[Black "Matthew N Anderton"]
[WhiteElo "2075"]
[BlackElo "2232"]
[PlyCount "54"]

1. e4 e6 2. d4 d5 3. Nd2 Nf6 4. e5 Nfd7 5. c3 c5 6. Ngf3 Nc6
7. Bd3 a5 8. O-O g5 9. dxc5 g4 10. Nd4 Ndxe5 11. Bb5 Bd7
12. f4 Nxd4 13. Bxd7+ Qxd7 14. cxd4 Nc6 15. Nb1 Bg7 16. Be3 h5
17. Nc3 Ne7 18. Na4 Qb5 19. Re1 Nf5 20. Bf2 O-O 21. b3 Rfe8
22. Re2 Nxd4 23. Re5 Nf5 24. Rc1 Qb4 25. Rxf5 exf5 26. Nb6
Rad8 27. Nxd5 Qe4 0-1

[Event "Hastings Chess Congress"]
[Site "Hastings ENG"]
[Date "2009.01.04"]
[EventDate "2008.12.28"]
[Round "8"]
[Result "1-0"]
[White "Alan Grant Kerr"]
[Black "James R Adair"]
[WhiteElo "2192"]
[BlackElo "2072"]
[PlyCount "61"]

1. e4 c5 2. Nf3 d6 3. Bb5+ Nd7 4. d4 Ngf6 5. Nc3 a6 6. Bxd7+
Nxd7 7. O-O e6 8. Bg5 Qb6 9. Re1 cxd4 10. Nxd4 Ne5 11. Nf3 h6
12. Be3 Qc6 13. Nd4 Qc7 14. f4 Nc4 15. Bf2 Nxb2 16. Qf3 Be7
17. Nf5 O-O 18. Qg3 Bf6 19. e5 dxe5 20. Nxh6+ Kh7 21. Ng4 exf4
22. Nxf6+ gxf6 23. Qh4+ Kg6 24. Qg4+ Kh6 25. Ne4 Qc6 26. Bc5
Bd7 27. Bd6 Qc4 28. Kh1 e5 29. Qh4+ Kg7 30. Qxf6+ Kg8 31. Qg5+
1-0

[Event "Hastings Chess Congress"]
[Site "Hastings ENG"]
[Date "2009.01.04"]
[EventDate "2008.12.28"]
[Round "8"]
[Result "1-0"]
[White "Dominic Foord"]
[Black "Jacques Bernard"]
[WhiteElo "2043"]
[BlackElo "2257"]
[PlyCount "50"]

1. d4 Nf6 2. c4 g6 3. Nc3 d5 4. cxd5 Nxd5 5. e4 Nxc3 6. bxc3
c5 7. Nf3 cxd4 8. cxd4 e5 9. Bc4 exd4 10. Qb3 Qe7 11. O-O Nc6
12. Ng5 Nd8 13. e5 Be6 14. Ne4 Bxc4 15. Qxc4 Bg7 16. Bg5 Qxe5
17. Nf6+ Bxf6 18. Rae1 O-O 19. Rxe5 Bxe5 20. Qb5 Nc6 21. Qxb7
Rac8 22. Bh6 Rc7 23. Qb5 Rb8 24. Qc5 Rd8 25. Rc1 Bf6 1-0

[Event "Hastings Chess Congress"]
[Site "Hastings ENG"]
[Date "2009.01.04"]
[EventDate "2008.12.28"]
[Round "8"]
[Result "1-0"]
[White "Karl McPhillips"]
[Black "Matthew Lunn"]
[WhiteElo "2222"]
[BlackElo "1874"]
[PlyCount "59"]

1. d4 Nf6 2. c4 g6 3. Nc3 Bg7 4. e4 d6 5. Bd3 O-O 6. Nge2 Nc6
7. O-O e5 8. d5 Nd4 9. Bg5 c6 10. dxc6 bxc6 11. Qd2 Rb8 12. b3
Qa5 13. Rad1 Nh5 14. Be7 Re8 15. Bxd6 Rb7 16. c5 Ne6 17. Na4
Qd8 18. Ba6 Rd7 19. Bxc8 Qxc8 20. Qc1 Qd8 21. g3 Ng5 22. f3
Bh6 23. Qc3 f5 24. Nb2 Bg7 25. Qc2 f4 26. g4 Nf6 27. Nc4 Nxg4
28. fxg4 Nh3+ 29. Kh1 Qh4 30. Ng1 1-0

[Event "Hastings Chess Congress"]
[Site "Hastings ENG"]
[Date "2009.01.04"]
[EventDate "2008.12.28"]
[Round "8"]
[Result "1-0"]
[White "Jens Nebel"]
[Black "Timothy Spanton"]
[WhiteElo "2199"]
[BlackElo "1982"]
[PlyCount "35"]

1. e4 c5 2. Nf3 g6 3. h4 h6 4. d4 cxd4 5. Bc4 Bg7 6. c3 Nc6
7. Nxd4 Nf6 8. Qe2 d6 9. Na3 a6 10. Nac2 O-O 11. h5 Nxh5
12. Rxh5 Nxd4 13. Nxd4 gxh5 14. Qxh5 e5 15. Bxh6 Bxh6 16. Qxh6
exd4 17. O-O-O Bh3 18. Rh1 1-0

[Event "Hastings Chess Congress"]
[Site "Hastings ENG"]
[Date "2009.01.04"]
[EventDate "2008.12.28"]
[Round "8"]
[Result "1-0"]
[White "Ryan Rhys Griffiths"]
[Black "Arne Hagesaether"]
[WhiteElo "2107"]
[BlackElo "2181"]
[PlyCount "47"]

1. e4 c6 2. d4 d5 3. f3 dxe4 4. fxe4 e5 5. Nf3 Bg4 6. Bc4 Nd7
7. O-O Ngf6 8. c3 Bxf3 9. Qxf3 Bd6 10. Be3 Qc7 11. h3 O-O
12. Nd2 b5 13. Bb3 a5 14. a4 Rae8 15. Kh1 Rb8 16. g4 bxa4
17. Rxa4 Rxb3 18. Nxb3 Qb6 19. Nxa5 Qxb2 20. Nc4 Qb5 21. Nxd6
Qxa4 22. g5 Ne8 23. Nxe8 f5 24. gxf6 1-0

[Event "Hastings Chess Congress"]
[Site "Hastings ENG"]
[Date "2009.01.04"]
[EventDate "2008.12.28"]
[Round "8"]
[Result "0-1"]
[White "Einora Juciute"]
[Black "Richard Almond"]
[WhiteElo "1815"]
[BlackElo "2138"]
[PlyCount "100"]

1. e4 d5 2. exd5 Qxd5 3. Nc3 Qa5 4. Nf3 Nf6 5. Be2 g6 6. a3
Bg7 7. b4 Qb6 8. Na4 Qd6 9. c4 O-O 10. d4 c6 11. Nc5 a5
12. Rb1 axb4 13. Rxb4 Qc7 14. Qb3 Nfd7 15. Nxd7 Nxd7 16. Bg5
c5 17. Rb5 cxd4 18. Bxe7 Re8 19. Bb4 Ra6 20. Ng5 Nf8 21. Rc5
Rc6 22. Rxc6 bxc6 23. Qf3 c5 24. Bxc5 Bb7 25. Qxf7+ Qxf7
26. Nxf7 Kxf7 27. Kd2 Bh6+ 28. Kd3 Ne6 29. Bd6 Bf4 30. Rb1
Bxg2 31. Bb4 Bxh2 32. Bg4 Be5 33. c5 Nf4+ 34. Kc4 h5 35. Bd7
Rh8 36. c6 h4 37. Bc5 Bd5+ 38. Kb5 Rb8+ 39. Bb6 Bc7 40. Ka6
Rxb6+ 41. Rxb6 Bxb6 42. Kxb6 Be6 43. a4 d3 44. a5 d2 45. a6
d1=Q 46. a7 Qb3+ 47. Kc7 Nd5+ 48. Kc8 h3 49. f4 h2 50. c7 h1=Q
0-1

[Event "Hastings Chess Congress"]
[Site "Hastings ENG"]
[Date "2009.01.04"]
[EventDate "2008.12.28"]
[Round "8"]
[Result "1-0"]
[White "George Dickson"]
[Black "Elliott Auckland"]
[WhiteElo "2135"]
[BlackElo "2017"]
[PlyCount "111"]

1. d4 Nf6 2. Nf3 g6 3. Bf4 Bg7 4. e3 O-O 5. Be2 d6 6. h3 Nbd7
7. Nbd2 c5 8. c3 cxd4 9. exd4 Ne8 10. O-O e5 11. Bh2 f5
12. Qb3+ Kh8 13. dxe5 dxe5 14. Nc4 e4 15. Nfe5 Nxe5 16. Bxe5
Qe7 17. Bxg7+ Nxg7 18. Qa3 Qxa3 19. Nxa3 f4 20. Rfd1 Nf5
21. Nb5 a6 22. Nd6 f3 23. Bf1 Nxd6 24. Rxd6 fxg2 25. Bxg2 Bf5
26. Re1 Rae8 27. Re3 Rf7 28. f3 Rfe7 29. fxe4 Kg7 30. Kf2 h6
31. Rg3 Be6 32. h4 Rf8+ 33. Ke3 Rf6 34. e5 Bxa2 35. Rxf6 Rxe5+
36. Kd4 Kxf6 37. Bxb7 Rb5 38. Be4 g5 39. hxg5+ hxg5 40. Rh3 g4
41. Rh6+ Kg5 42. Rg6+ Kf4 43. Rf6+ Kg3 44. b4 a5 45. Ra6 axb4
46. Rxa2 bxc3 47. Kxc3 Kh3 48. Kd4 Rb4+ 49. Ke3 g3 50. Ra8
Rxe4+ 51. Kxe4 g2 52. Kf3 Kh2 53. Rh8+ Kg1 54. Rg8 Kh1 55. Kf2
g1=Q+ 56. Rxg1+ 1-0

[Event "Hastings Chess Congress"]
[Site "Hastings ENG"]
[Date "2009.01.04"]
[EventDate "2008.12.28"]
[Round "8"]
[Result "0-1"]
[White "Daniel Rocks"]
[Black "Rasa Norinkeviciute"]
[WhiteElo "2129"]
[BlackElo "2005"]
[PlyCount "100"]

1. e4 e6 2. d4 d5 3. Nd2 dxe4 4. Nxe4 Be7 5. Nf3 Nf6 6. Bd3
Nbd7 7. O-O Nxe4 8. Bxe4 c5 9. c3 Qc7 10. Be3 O-O 11. Re1 Rd8
12. Qe2 Nf6 13. Bc2 b6 14. Rad1 Bb7 15. h3 Rac8 16. Bb1 Ba8
17. Bd3 Nd5 18. Ne5 Nf6 19. Ba6 Rb8 20. Bf4 Bd6 21. f3 Nd5
22. Bc1 cxd4 23. cxd4 Nb4 24. Bc4 Bd5 25. Bxd5 Nxd5 26. Bd2
Rbc8 27. Rc1 Qb7 28. a3 h6 29. Kf2 Qe7 30. g3 Qb7 31. Red1 a6
32. Qe4 Rxc1 33. Rxc1 Rc8 34. Nc4 Bb8 35. Ne3 Rxc1 36. Bxc1
Qc7 37. Nxd5 Qxg3+ 38. Ke2 exd5 39. Qe8+ Kh7 40. Qxf7 Qg2+
41. Kd1 Qg1+ 42. Kd2 Qxd4+ 43. Kc2 Qc5+ 44. Kd1 Qg1+ 45. Kd2
Qg6 46. Qxd5 Bf4+ 47. Kd1 Qg1+ 48. Ke2 Bxc1 49. Qd3+ Qg6
50. Qxa6 Bxb2 0-1

[Event "Hastings Chess Congress"]
[Site "Hastings ENG"]
[Date "2009.01.04"]
[EventDate "2008.12.28"]
[Round "8"]
[Result "1-0"]
[White "George E O'Toole"]
[Black "David Cilia Vincenti"]
[WhiteElo "2054"]
[BlackElo "2108"]
[PlyCount "43"]

1. e4 c5 2. c3 d5 3. exd5 Qxd5 4. d4 Nf6 5. Nf3 e6 6. Bd3 Be7
7. O-O O-O 8. Be3 cxd4 9. cxd4 Nc6 10. Nc3 Qh5 11. a3 Rd8
12. Be2 Ng4 13. Bf4 e5 14. Nxe5 Rxd4 15. Nxc6 Rxd1 16. Nxe7+
Kf8 17. Raxd1 Kxe7 18. Bd6+ Kd8 19. Bb4+ Bd7 20. h3 Qe5
21. Bxg4 f5 22. Rd5 1-0

[Event "Hastings Chess Congress"]
[Site "Hastings ENG"]
[Date "2009.01.04"]
[EventDate "2008.12.28"]
[Round "8"]
[Result "1-0"]
[White "Evangelos Kakkanas"]
[Black "Paul Hopper"]
[WhiteElo "2009"]
[BlackElo "2173"]
[PlyCount "89"]

1. d4 g6 2. e4 Bg7 3. Nf3 d6 4. Be2 Nf6 5. Nc3 O-O 6. O-O c6
7. a4 Bg4 8. Be3 Nbd7 9. h3 Bxf3 10. Bxf3 a5 11. Qd2 Qc7
12. Bh6 e5 13. Bxg7 Kxg7 14. dxe5 dxe5 15. Rad1 Nc5 16. Qe3
Ne6 17. Ne2 b5 18. axb5 cxb5 19. Rd2 b4 20. Rfd1 Rfd8 21. g4
Rxd2 22. Rxd2 Rd8 23. g5 Ne8 24. Bg4 Rxd2 25. Qxd2 Nc5 26. Ng3
Qd6 27. Qe1 Qd4 28. c3 bxc3 29. bxc3 Qd6 30. Be2 Qb6 31. Bc4
Nd6 32. Bd5 Qb2 33. Qe3 Ndb7 34. Kg2 Qb5 35. Qf3 Qe8 36. Qf6+
Kg8 37. h4 Nd7 38. Qc6 Nbc5 39. h5 Kh8 40. Qd6 a4 41. Bc6 Qb8
42. Qd5 a3 43. Bxd7 Nxd7 44. Qxd7 a2 45. Qa4 1-0